000 00876nam a22002295i 4500
001 162873
003 ES-MaACL
005 20251015063142.0
008 961011s1799 fr |||| | fre d
040 _aCLM
_bspa
_cCLM
100 1 _aRacine, Jean,
_d1639-1699
_994887
245 1 0 _aOeuvres de Jean Racine
_b: tome troisieme.
250 _aEdition stereotype.
260 _aA Paris :
_bde l'imprimerie de P. Didot L'ainé,
_can vii [1799]
300 _a290, [1] p. ;
_c12º alargado.
596 _aMarca tip. en port.
597 _aSign.: []\p4\s, 2-24\p6\s, 25\p4\s.
597 _aAntep.
852 _aES-MaACL
_jR-1694-98
_z-- Enc. pasta española
_x-- Olim: F-698-702
852 _aES-MaACL
_jR-1674 -76
_z-- Enc. pasta española
_x-- Olim: F-620-24
_x-- T597: Sign.: [1]\p4\s, 2-24\p6\s, 25\p4\s
999 _c162873
_d162873